[Event "MEX-ch U26 (Women)"]
[White "Rivera Balderas, Dulce Oli"]
[Black "Aquino Flores, Edith"]
[Site "Puebla"]
[Round "4.6"]
[Result "0-1"]
[Date "2014.04.29"]
[WhiteElo "1639"]
[BlackElo "1918"]
[PlyCount "52"]
[EventDate "2014.04.28"]
[EventType "swiss"]
[EventRounds "6"]
[EventCountry "MEX"]
[SourceTitle "CBM 160 Extra"]
[Source "ChessBase"]
[SourceDate "2014.07.01"]
[SourceVersion "1"]
[SourceVersionDate "2014.07.01"]
[SourceQuality "1"]

1. Nf3 Nc6 2. g3 e5 3. d3 Nf6 4. Bg2 Bc5 5. a3 a6 6. b4 Ba7 7. c4 d6 8. e3 0-0 9. 0-0 Rb8 10. Nc3 Be6 11. Nd2 Qd7 12. Re1 Bh3 13. Bh1 Ng4 14. Nde4 h6 15. b5 Ne7 16. bxa6 bxa6 17. Qa4 Qxa4 18. Nxa4 f5 19. Nec3 f4 20. Nd5 Nxd5 21. Bxd5+ Kh8 22. Bd2 fxg3 23. fxg3 Rf2 24. Bc1 Rbf8 25. Bb2 Bxe3 26. Bc3 Rf1# 0-1